Education of girls in India: an assessment (Record no. 490763)

000 -LEADER
fixed length control field 00655cam a22001697a 4500
008 - FIXED-LENGTH DATA ELEMENTS--GENERAL INFORMATION
fixed length control field 180718b2000 xxu||||| |||| 00| 0 eng d
082 ## - DEWEY DECIMAL CLASSIFICATION NUMBER
Classification number P:B142x54 N231
100 ## - MAIN ENTRY--PERSONAL NAME
Personal name Nayar, Usha
245 ## - TITLE STATEMENT
Title Education of girls in India: an assessment
Statement of responsibility, etc. by Usha Nayar
260 ## - PUBLICATION, DISTRIBUTION, ETC.
Place of publication, distribution, etc. New Delhi
Name of publisher, distributor, etc. National Institute of Educational Planning and Administration
Date of publication, distribution, etc. 2000
300 ## - PHYSICAL DESCRIPTION
Extent 44+p
440 ## - SERIES STATEMENT/ADDED ENTRY--TITLE
Title Year 2000 assessment: education for all
650 ## - SUBJECT ADDED ENTRY--TOPICAL TERM
Topical term or geographic name entry element Women - Education - India
700 ## - ADDED ENTRY--PERSONAL NAME
Personal name India. Ministry of Human Resource Development
700 ## - ADDED ENTRY--PERSONAL NAME
Personal name Indian National Commission for Cooperation
700 ## - ADDED ENTRY--PERSONAL NAME
Personal name National Institute of Educational Planning and Administration
Holdings
Withdrawn status Lost status Damaged status Not for loan Permanent Location Current Location Date acquired Full call number Barcode Date last seen Price effective from Koha item type
        Indian Institute of Public Administration Indian Institute of Public Administration 2018-08-04 P:B142x54 N231 GG24061 2018-08-04 2018-08-04 GG

Powered by Koha